000 02101 a2200253 4500
003 UA-OsUOA
005 20231023100640.0
008 231023b un ||||| |||| 00| 0 ukr d
020 _a9667822664
040 _aUA-OsUOA
_bukr
_cUA-OsUOA
_dUA-OsUOA
041 _aukr
080 _a81'42
090 _a81'42
_bC30
100 _aСеменець О. О.
110 _aМіністерство освіти і науки України
_bКіровоградський державний педагогічний університет імені Володимира Винниченка
245 _aСинергетика поетичного слова
_bмонографія
_cО. О. Семенець
260 _aКіровоград
_bІмекс ЛТД
_c2004
300 _a338 с.
520 _aМонографія підсумовує досвід поєднання й синтетичного розгляду різних аспектів організації поетичного дискурсу: його мовно-рівневої системності, семіотичної та модально-логічної специфіки. Комплексна методологія дослідження будується на інтегративній базі синергетики – теорії складних нелінійних систем. Синергетика модальностей застосована у вивченні мистецького ідіолекту Євгена Маланюка, чия поезія відзначається змістовим багатством, естетичною довершеністю,модальною поліфонією. Для науковців, викладачів і студентів вищих закладів освіти.
650 _2UDC
_a81 Лінгвістика. Мовознавство. Мови
942 _cBK
_2udc
955 _a1
999 _c575321
_d575321